Vista normal
Vista MARC
- Conferencia de la Comunidad Europea sobre Handicap y Educación (
Entrada Nombre congreso
Número de registros utilizados en: 1
001 - NÚMERO DE CONTROL
- campo de control: 1867
003 - IDENTIFICADOR DEL NÚMERO DE CONTROL
- campo de control: ES-MaFIAP
005 - FECHA Y HORA DE LA ÚLTIMA TRANSACCIÓN
- campo de control: 20231130091625.0
008 - DATOS DE LONGITUD FIJA
- campo de control de longitud fija: 231130|| aca||aabn | a|a d
040 ## - FUENTE DE LA CATALOGACIÓN
- Centro catalogador/agencia de origen: ES-MaFIAP
- Centro/agencia transcriptor: ES-MaFIAP
111 ## - ENCABEZAMIENTO--NOMBRE DE CONGRESO/REUNIÓN
- Nombre de congreso/reunión o jurisdicción como elemento de entrada: Conferencia de la Comunidad Europea sobre Handicap y Educación (
- Número del congreso/reunión o número de parte o sección: 3a.
- Fecha del congreso o de la firma del tratado: 1991.
- Sede del congreso/Lugar de la reunión: Valladolid, España)
670 ## - FUENTE DE DATOS ENCONTRADOS
- Cita de la fuente: Work cat.: (ES-MaFIAP)699: Conferencia de la Comunidad Europea sobre Handicap y Educación ( 3a. 1991. Valladolid, España), Tercera Conferencia de la Comunidad Europea sobre Handicap y Educación : , 1993?]





